Sports Quiz

Random Sports or NBA Quiz

NBA 2015/2016 Stats Leaders Quiz Stats

 Plays Quiz not verified by Sporcle

Challenge
Share
Tweet
Embed
Score 0/70 Timer 10:00
0 Plays Today
Player - No. Stat % Correct
Stephen Curry - 2375
98.5%
Stephen Curry - 527
98.5%
90.8% - Stephen Curry
98.5%
LeBron James - 1920
98.1%
Stephen Curry - 169
98.1%
LeBron James - 514
98%
Kevin Durant - 2029
96.1%
89.8% - Kevin Durant
96.1%
Russell Westbrook - 1878
95.5%
Russell Westbrook - 834
95.4%
Russell Westbrook - 163
95.4%
James Harden - 2376
92.8%
James Harden - 612
92.7%
DeAndre Jordan - 1059
87.6%
DeAndre Jordan - 177
87.5%
70.3% - DeAndre Jordan
87.5%
Chris Paul - 738
86.8%
Chris Paul - 152
86.7%
89.6% - Chris Paul
86.7%
Klay Thompson - 1771
85.6%
DeMarcus Cousins - 747
79.8%
Andre Drummond - 1198
78.5%
Draymond Green - 598
78.3%
Draymond Green - 769
78.2%
Hassan Whiteside - 865
76.4%
Hassan Whiteside - 269
76.3%
60.6% - Hassan Whiteside
76.3%
88.5% - Kyrie Irving
76.1%
Damian Lillard - 1879
74.1%
Damian Lillard - 512
74.1%
89.2% - Damian Lillard
74.1%
Isaiah Thomas - 1823
72%
Dwight Howard - 835
70.2%
62.0% - Dwight Howard
70.2%
DeMar DeRozan - 1830
69.4%
Player - No. Stat % Correct
Rajon Rondo - 839
68.5%
John Wall - 789
68.5%
John Wall - 145
68.5%
Paul George - 1874
67.8%
Paul George - 152
67.7%
Kevin Love - 762
67.2%
Kyle Lowry - 158
66.6%
Pau Gasol - 793
64.7%
Pau Gasol - 124
64.6%
Karl-Anthony Towns - 120
59.2%
Karl-Anthony Towns - 857
58.9%
54.2% - Karl-Anthony Towns
58.9%
Rudy Gobert - 112
55.9%
Ricky Rubio - 657
52.4%
Ricky Rubio - 162
52.4%
Paul Millsap - 147
49.7%
Paul Millsap - 139
49.7%
89.3% - Dirk Nowitzki
49.6%
Serge Ibaka - 148
46%
Robin Lopez - 122
45.9%
53.9% - Robin Lopez
45.9%
Kristaps Porzingis - 128
42.1%
88.8% - J.J. Redick
37.7%
56.7% - Marcin Gortat
34.9%
56.5% - Jonas Valanciunas
31.5%
90.4% - Jamal Crawford
30.3%
88.8% - Khris Middleton
28.9%
Trevor Ariza - 160
26.7%
57.6% - Enes Kanter
24.3%
Monta Ellis - 150
22.8%
Julius Randle - 829
19.6%
Bismayck Biyombo - 117
19.3%
55.8% - Kenneth Faried
18.6%
53.2% - Gorgui Deng
15.1%
89.0% - Kevin Martin
6.8%

You're not logged in!

Compare scores with friends on all Sporcle quizzes.
Join for Free
OR
Log In

You Might Also Like...

Show Comments

Extras

Top Quizzes Today


Score Distribution

Your Account Isn't Verified!

In order to create a playlist on Sporcle, you need to verify the email address you used during registration. Go to your Sporcle Settings to finish the process.

Report this User

Report this user for behavior that violates our Community Guidelines.

Details: